Statistics for Top 8 Countries with the Smartest People

Click here to take the quiz!

General Stats

  • This quiz has been taken 28 times
  • The average score is 6 of 7

Answer Stats

HintAnswer% Correct
AsianJapan
100%
AsianChina
96%
AsianSouth Korea
96%
EuropeanGermany
83%
AsianSingapore
83%
AsianTaiwan
83%
EuropeanFinland
71%

Score Distribution

Percentile by Number Answered

Percent of People with Each Score

Your Score History

You have not taken this quiz